Statistics for H20:Just Add Water

Click here to take the quiz!

General Stats

  • This quiz has been taken 415 times
  • The average score is 8 of 12

Answer Stats

HintAnswer% Correct
Main character: On swimteamEmma
98%
Main character: Scared of water at firstCleo
98%
Main character: Bad girl of the groupRikki
95%
The girls best friend scientistLewis
88%
Rikki's boyfriendZane
81%
Evil supermermaid, dated LewisCharlotte
74%
New addition to the series after Emma leftBella
70%
Cleo's little sisterKim
66%
Setting of the showAustralia
59%
Emma's little brotherElliot
53%
Old Lady's MIA friendGracie
27%
Old Lady, former mermaidMs. Chatham
19%

Score Distribution

Percentile by Number Answered

Percent of People with Each Score

Your Score History

You have not taken this quiz